000 00648nam a2200229Ia 4500
003 OSt
005 20220918173646.0
006 a|||||r|||| 00| 0
007 ta
008 220917b |||||||| |||| 00| 0 eng d
024 _a7,581
037 _cTextual
040 _aARTS
_cARTS
_beng
041 _2eng
_aeng
082 _a473:N13r, K4
100 _aShaplen Robert
_946737
245 0 _aToward the well-being of mankind
_b 50 years of the Rockefeller Foundation ed by Arthur Bernon Tourtellot
260 _c1962
650 _aJOUNRALISM
_93876
942 _h473:N13r, K4
_cTEXL
_2CC
999 _c149450
_d149450